=LDR 00000nam 2200000 4500 =001 INLIS000000000001641 =005 20130612090037 =008 ***********************************Ind** =035 ##$$0010-061300000001641 =041 ##$$a Ind =082 ##$$a 2x0.095 982 =090 ##$$a 2x0.095 982, Sof-i =100 ##$$a SOFWAN, Ridin =245 ##$$a Islamisasi di Jawa, Ridin Sofwan, H. Wasit, H. Mundiri =260 ##$$a 2000 $b Yogyakarta =300 ##$$a xii, 300 hlm, 21 cm =650 ##$$a Islam =650 ##$$a Jawa =700 ##$$a WASIT, Haji =850 ##$$a NBPNMAT =990 ##$$a 0001/BPAP-NTB/20142015 =990 ##$$a 0001/BPAP-NTB/20142015 =990 ##$$a 0001/BPAP-NTB/20142015